| Tag |
First Indicator |
Second Indicator |
Subfields |
| LEADER |
00000pam a2200000 a 4500 |
| 001 |
in00000077913 |
| 005 |
20151008055052.0 |
| 008 |
810513s1981 cou b 00110 eng |
| 010 |
|
|
|a 81008194
|
| 020 |
|
|
|a 0872872521 :
|c $25.00
|
| 035 |
|
|
|a (OCoLC)07555715
|
| 035 |
|
|
|9 AAJ2464AM
|
| 040 |
|
|
|a DLC
|c DLC
|d TXA
|d UtOrBLW
|
| 049 |
|
|
|a TXAM
|c [1361557]
|
| 050 |
0 |
0 |
|a Z7164.N17
|b A52 Suppl
|a HV5801
|
| 060 |
|
0 |
|a ZWM 270 A571b 1977 suppl. 1977-1980.
|
| 082 |
0 |
|
|a 016.3622/9
|2 19
|
| 100 |
1 |
|
|a Andrews, Theodora.
|
| 245 |
1 |
2 |
|a A bibliography of drug abuse.
|p Supplement, 1977-1980 /
|c by Theodora Andrews.
|
| 264 |
|
1 |
|a Littleton, Colo. :
|b Libraries Unlimited,
|c 1981.
|
| 300 |
|
|
|a viii, 312 pages ;
|c 24 cm.
|
| 336 |
|
|
|a text
|b txt
|2 rdacontent
|
| 337 |
|
|
|a unmediated
|b n
|2 rdamedia
|
| 338 |
|
|
|a volume
|b nc
|2 rdacarrier
|
| 500 |
|
|
|a Includes indexes.
|
| 650 |
|
0 |
|a Drug abuse
|v Bibliography.
|
| 650 |
|
0 |
|a Alcoholism
|v Bibliography.
|
| 650 |
|
0 |
|a Tobacco use
|v Bibliography.
|
| 650 |
|
2 |
|a Alcoholism
|x Abstracts.
|
| 650 |
|
2 |
|a Substance-Related Disorders
|x Abstracts.
|
| 650 |
|
2 |
|a Tobacco Use Disorder
|x Abstracts.
|
| 700 |
1 |
|
|a Andrews, Theodora.
|t Bibliography of drug abuse, including alcohol and tobacco.
|
| 999 |
|
|
|a MARS
|
| 999 |
f |
f |
|s 4c1fdc4b-03e8-36f1-b470-81936b84b42f
|i 959f9cad-ceea-3bd5-8fd1-518118fb241d
|t 0
|
| 952 |
f |
f |
|p ric
|a Texas A&M University
|b Rellis Campus
|c Joint Library Facility
|d Remote Storage
|t 0
|e Z7164.N17 A52 Suppl
|h Library of Congress classification
|i unmediated -- volume
|m A14842719800
|
| 998 |
f |
f |
|a Z7164.N17 A52 Suppl
|t 0
|l Remote Storage
|